header

The typology of Asian Englishes (Record no. 113164)

MARC details
000 -LEADER
fixed length control field 01407nam a2200361Ia 4500
082 04 - DEWEY DECIMAL CLASSIFICATION NUMBER
Classification number 427/.95
245 04 - TITLE STATEMENT
Title The typology of Asian Englishes
260 ## - PUBLICATION, DISTRIBUTION, ETC. (IMPRINT)
Place of publication Amsterdam ;
-- Philadelphia :
Name of publisher John Benjamins Pub. Co.,
Year of publication 2011.
300 ## - PHYSICAL DESCRIPTION
Number of Pages vii, 120 p.
490 0# - SERIES STATEMENT
Series statement Benjamins current topics; v. 33
650 #0 - SUBJECT ADDED ENTRY--TOPICAL TERM
Topical Term English language
Topical Term English language
Topical Term English language
Topical Term English language
700 1# - ADDED ENTRY--PERSONAL NAME
Personal name Lim, Lisa.
Personal name Gisborne, Nikolas,
856 40 - ELECTRONIC LOCATION AND ACCESS
Uniform Resource Identifier http://site.ebrary.com/lib/rucke/Doc?id=10505822

No items available.

© 2026 Rongo University
Contact us: librarian | system librarian | Rongo university